UM Logo

Editorial : (Record no. 24476)

MARC details
000 -LEADER
fixed length control field 00869nam a22001937a 4500
003 - CONTROL NUMBER IDENTIFIER
control field OSt
005 - DATE AND TIME OF LATEST TRANSACTION
control field 20260324141110.0
008 - FIXED-LENGTH DATA ELEMENTS--GENERAL INFORMATION
fixed length control field 260324b |||||||| |||| 00| 0 eng d
040 ## - CATALOGING SOURCE
Transcribing agency 0
082 ## - DEWEY DECIMAL CLASSIFICATION NUMBER
Classification number DPer 507. J826 September 2019 - June 2020 v.49 n.1-5
100 ## - MAIN ENTRY--PERSONAL NAME
Personal name Nenortas, Apryl.
Relator term author.
9 (RLIN) 70153
245 ## - TITLE STATEMENT
Title Editorial :
Remainder of title Two-Year Colleges (TYCs) are Essential in Science Education Research and TYC faculty and Students Should Get Involved /
Statement of responsibility, etc. Apryl Nenortas and Lindsey Fields.
260 ## - PUBLICATION, DISTRIBUTION, ETC. (IMPRINT)
Place of publication, distribution, etc. Arlington, Virginia, USA.
Name of publisher, distributor, etc. National Science Teaching Association
Date of publication, distribution, etc. September-October 2019
300 ## - PHYSICAL DESCRIPTION
Extent volume 49, pages 9-11 :
Other physical details illustration ;
Dimensions 28cm.
500 ## - GENERAL NOTE
General note Journal of College Science Teaching, volume 49, no.1, pages 9-11, September/October 2019
700 ## - ADDED ENTRY--PERSONAL NAME
Personal name Nenortas, Apryl.
Relator term author.
9 (RLIN) 70153
700 ## - ADDED ENTRY--PERSONAL NAME
Personal name Fields, Lindsey
Relator term author.
9 (RLIN) 70154
942 ## - ADDED ENTRY ELEMENTS (KOHA)
Source of classification or shelving scheme Dewey Decimal Classification
Koha item type Periodicals
Holdings
Withdrawn status Lost status Source of classification or shelving scheme Damaged status Not for loan Collection code Home library Current library Date acquired Total Checkouts Full call number Date last seen Price effective from Koha item type Public note
    Dewey Decimal Classification     Periodicals UM Digos College - LIC UM Digos College - LIC 03/24/2026   DPer 507. J826 September 2019 - June 2020 v.49 n.1-5 03/24/2026   Periodicals Periodical Article